| 000 | 01096nam a2200253 a 4500 | ||
|---|---|---|---|
| 003 | Mxchpua | ||
| 005 | 20250805122850.0 | ||
| 007 | ta | ||
| 008 | 250710s2025 mx do||fs|||| 001 0 spa d | ||
| 040 | _amxchpua | ||
| 090 |
_aT.C.965 _bV45 IA _c2025 |
||
| 245 | 1 | 4 |
_a9o Foro de resultados Introducción a la Agroindustria / _ccoordinadores Alejandra Velázquez Castillo...[y otros] |
| 260 |
_aChapingo, México : _bEl autor, _c2025 |
||
| 300 |
_a1 recurso en línea (27 páginas) : _bgráficas, tablas, fotos |
||
| 336 |
_2rdacontent _aTexto _btxt |
||
| 337 |
_2rdamedia _acomputadora _bc |
||
| 338 |
_2rdacarrier _arecurso en línea _bcr |
||
| 500 | _a4° año -- Directorio: páginas 16-27 | ||
| 502 |
_aViaje de Estudios _b(IA) -- _cUACh. Departamento de Ingeniería Agroindustrial, _d2025 |
||
| 650 | 1 | 3 |
_aIndustria de los alimentos _xEducación _vCongresos, conferencias, etc _9190787 |
| 650 | 1 | 3 |
_aFood industry _xEducation _vCongresses _9190788 |
| 700 | 1 |
_aVelázquez Castillo, Alejandra _9118517 _ecoordinadora |
|
| 856 | 4 | 1 |
_yDESCARGAR REPORTE _uhttp://10.13.5.2/ve/TC965_IA/TC965_IA_2025-REPORTE.pdf |
| 999 |
_c220751 _d220751 |
||